000 00281nam a2200121Ia 4500
005 20251222144722.0
008 251222s9999||||xx |||||||||||||| ||spa||
082 _a153.7/H76
100 _aHorna Figueroa, Alcibiades
245 0 _aMente Oportuna
264 _bRenalsa
942 _cLIB
999 _c18251
_d18251